Países del Mundo - 7 Minutos - Estadísticas

Estadísticas generales
  • Esta prueba ha sido intentada 186 veces
    132 desde el último reinicio
  • La puntuación promedio es 136 de 196
Estadísticas de respuestas
PAÍSES % Correcto
España
93%
Francia
93%
Portugal
93%
Bélgica
91%
Canadá
91%
Estados Unidos
91%
Japón
91%
Chile
89%
China
89%
México
89%
Venezuela
89%
Argentina
87%
Austria
87%
Italia
87%
Rusia
87%
Alemania
85%
Colombia
85%
Cuba
85%
Perú
85%
Albania
84%
Australia
84%
Brasil
84%
Ecuador
84%
Finlandia
84%
Suecia
84%
Uruguay
84%
Andorra
82%
Bielorrusia
82%
Letonia
82%
Lituania
82%
Reino Unido
82%
Ucrania
82%
Bosnia y Herzegovina
80%
Estonia
80%
Suiza
80%
Afganistán
78%
Bulgaria
78%
Grecia
78%
Irlanda
78%
Islandia
78%
Mónaco
78%
Noruega
78%
Países Bajos
78%
Paraguay
78%
Polonia
78%
Croacia
76%
El Salvador
76%
Eslovaquia
76%
Honduras
76%
Laos
76%
Luxemburgo
76%
Marruecos
76%
Pakistán
76%
San Marino
76%
Serbia
76%
Tailandia
76%
Belice
75%
Bolivia
75%
Corea del Norte
75%
Corea del Sur
75%
Filipinas
75%
Haití
75%
India
75%
Kosovo
75%
Nicaragua
75%
Panamá
75%
República Checa
75%
Santa Lucía
75%
Surinam
75%
Argelia
73%
Bahamas
73%
Barbados
73%
Camboya
73%
Egipto
73%
Guyana
73%
Hungría
73%
Indonesia
73%
Irak
73%
Irán
73%
Malasia
73%
Malí
73%
Montenegro
73%
Rumania
73%
Bután
71%
Chad
71%
Guatemala
71%
Kazajistán
71%
Nepal
71%
Omán
71%
República Democrática del Congo
71%
Vietnam
71%
Yemen
71%
Zambia
71%
Angola
69%
Antigua y Barbuda
69%
Bangladés
69%
Brunei
69%
Congo
69%
Costa Rica
69%
Dinamarca
69%
Dominica
69%
Eslovenia
69%
Granada
69%
Israel
69%
Malta
69%
Mongolia
69%
Nueva Zelanda
69%
Singapur
69%
Siria
69%
Taiwán
69%
Túnez
69%
Turquía
69%
Vaticano
69%
Arabia Saudita
67%
Catar
67%
Comoras
67%
Fiyi
67%
Jordania
67%
Libia
67%
Macedonia del Norte
67%
República Dominicana
67%
San Cristóbal y Nieves
67%
San Vicente y las Granadinas
67%
Azerbaiyán
65%
Cabo Verde
65%
Guinea
65%
Jamaica
65%
Kenia
65%
Líbano
65%
Sudáfrica
65%
Sudán
65%
Trinidad y Tobago
65%
Armenia
64%
Baréin
64%
Benín
64%
Etiopía
64%
Islas Salomón
64%
Madagascar
64%
Sudán del Sur
64%
Timor Oriental
64%
Tuvalu
64%
Zimbabue
64%
Chipre
62%
Kirguistán
62%
Mozambique
62%
Nauru
62%
Tonga
62%
Burundi
60%
Costa de Marfil
60%
Georgia
60%
Ghana
60%
Islas Marshall
60%
Kiribati
60%
Liechtenstein
60%
Moldavia
60%
Palaos
60%
Somalia
60%
Tayikistán
60%
Vanuatu
60%
Estados Federados de Micronesia
58%
Gabón
58%
Kuwait
58%
Liberia
58%
Mauritania
58%
Samoa
58%
Seychelles
58%
Togo
58%
Birmania
56%
Camerún
56%
Emiratos Árabes Unidos
56%
Eritrea
56%
Papúa Nueva Guinea
56%
Santo Tomé y Príncipe
56%
Uzbekistán
56%
Malaui
55%
Mauricio
55%
Níger
55%
Nigeria
55%
Ruanda
55%
Sri Lanka
55%
Turkmenistán
55%
Uganda
55%
Botsuana
53%
Guinea Ecuatorial
53%
Yibuti
53%
Burkina Faso
51%
Gambia
51%
Lesoto
51%
Namibia
51%
República Centroafricana
51%
Sierra Leona
51%
Senegal
49%
Tanzania
49%
Esuatini
45%
Maldivas
45%
Guinea-Bisáu
42%
No se encontraron pruebas coincidentes
Distribución de puntuación
Porcentaje de gente con cada puntuación
Porcentaje por número respondido
Historial de tus puntuaciones
No has intentado esta prueba desde el último reinicio